[Event "CRI-ch"]
[Site "San Jose"]
[Date "2024.01.06"]
[Round "1"]
[White "Mata Tencio, Randall"]
[Black "Ramirez Aguilar, Julian Jose"]
[Result "1/2-1/2"]
[WhiteElo "1906"]
[BlackElo "1509"]
[PlyCount "66"]
[EventDate "2024.01.06"]
[EventType "swiss"]
[EventRounds "9"]
[EventCountry "CRI"]
[SourceTitle "CB05_2024"]
[SourceDate "2024.01.31"]
[SourceVersion "1"]
[SourceVersionDate "2024.01.31"]
[SourceQuality "1"]

1. Nf3 c5 2. g3 Nc6 3. Bg2 g6 4. 0-0 Bg7 5. c4 d6 6. Nc3 e5 7. d3 h6 8. Rb1 Nge7 9. a3 Be6 10. b4 Qd7 11. bxc5 dxc5 12. Qb3 b6 13. Bb2 Rd8 14. Nb5 0-0 15. Rfd1 f5 16. a4 g5 17. Bc3 f4 18. a5 Nd4 19. Bxd4 exd4 20. axb6 axb6 21. Ra1 Nc8 22. Ra8 fxg3 23. hxg3 Bh3 24. Qa2 Bxg2 25. Kxg2 Qe7 26. Re1 Rde8 27. Nd2 Qf7 28. f3 Be5 29. Ne4 g4 30. Rf1 Qh5 31. fxg4 Qxg4 32. Rf3 h5 33. Qd2 h4 1/2-1/2